000 00600nam a2200241Ia 4500
003 OSt
005 20220924132956.0
006 a|||||r|||| 00| 0
007 ta
008 220923b |||||||| |||| 00| 0 ara d
024 _a254830
037 _cTextual
040 _aARTS
_cARTS
_bara
041 _2ara
_aara
082 _aU8.45, 28N9
100 _aNakunu Au.
_9205425
245 0 _aAl-rehlat al-yabaniah
260 _c1999
650 _aTRAVEL
700 _a Hashmi Tr.
_9205426
942 _hU8.45, 28N9
_cTEXL
_2CC
999 _c432213
_d432213